Statistiques concernant La réponse termine par Y

Cliquez ici pour prendre le quiz!

Statistiques générales

  • Ce quiz a été pris 126 fois
  • Le résultat moyen est 16 sur 20

Statistiques - réponses

IndicesRéponses% Correct
Type de clavier informatique utilisé en France et BelgiqueAzerty
97%
Cheval de petite taille, notamment utilisé pour l'équitation enfantinePoney
97%
Blanche-Neige est la première princesse de cette entrepriseDisney
96%
Au football, conséquence d'une faute dans la surface de réparation de son équipePenalty
96%
Johnnie Walker, William Lawson's et Jack Daniel's sont des marques de cette boissonWhisky
95%
Sport pratiqué lors du Tournoi des Six NationsRugby
93%
Jeu de société américain symbolisant le capitalismeMonopoly
92%
Métier du héros de bande dessinée Lucky LukeCow-boy
91%
Personne qui donne des notes durant une compétitionJury
90%
Film de Étienne Chatiliez qui présente un adulte de 28 ans joué par Éric Berger qui vit toujours chez ses parentsTanguy
84%
Bateau utilisé pour la traversée de la Manche entre Calais et DouvresFerry
82%
Comparse de Hutch dans une série télévisée policière américaine de 1975Starsky
82%
Race de chien traditionnellement élevé comme chien d'attelageHusky
81%
Art d'incarner un personnage de fiction en reproduisant sa tenueCosplay
72%
Footballeur international français ayant été entraîneur-adjoint de l'équipe de BelgiqueThierry Henry
72%
Genre littéraire qui représente des phénomènes surnaturels imaginaires et l'emploi de la magieFantasy
67%
Unité monétaire de la PologneZloty
57%
Autre nom donné à la drogue MDMAEcstasy
53%
Ennemi iconique et redoutable de Sherlock HolmesMoriarty
46%
Soeur jumelle de Selma dans Les SimpsonPatty
33%

Distribution des résultats

Percentile par nombre de réponses

% des personnes avec chaque résultat

Votre développement - résultats

Vous n’avez pas pris ce quiz